|
|
|
|
| LEADER |
00000naa2a2200000 4500 |
| 001 |
622798 |
| 005 |
20231101133229.0 |
| 035 |
|
|
|a (RuTPU)RU\TPU\conf\21614
|
| 035 |
|
|
|a RU\TPU\conf\21613
|
| 090 |
|
|
|a 622798
|
| 100 |
|
|
|a 20170710d2017 k y0rusy50 ba
|
| 101 |
0 |
|
|a eng
|d rus
|
| 102 |
|
|
|a RU
|
| 105 |
|
|
|a y z 100zy
|
| 135 |
|
|
|a drcn ---uucaa
|
| 181 |
|
0 |
|a i
|
| 182 |
|
0 |
|a b
|
| 200 |
1 |
|
|a Welded joints of building designs
|d Сварные соединения строительных конструкций
|f M. A. Golousenko, A. A. Proshina, N. S. Kabykenov
|g sci. adv. M. V. Kuimova
|
| 203 |
|
|
|a Текст
|c электронный
|
| 230 |
|
|
|a 1 компьютерный файл (pdf; 320 Kb)
|
| 300 |
|
|
|a Заглавие с экрана
|
| 320 |
|
|
|a [Библиогр.: с. 154 (5 назв.)]
|
| 461 |
|
1 |
|0 (RuTPU)RU\TPU\conf\21388
|t Перспективы развития фундаментальных наук
|l Prospects of Fundamental Sciences Development
|o сборник научных трудов XIV Международной конференции студентов, аспирантов и молодых ученых, г. Томск, 25-28 апреля 2017 г.
|o в 7 т.
|f Национальный исследовательский Томский политехнический университет (ТПУ) ; под ред. И. А. Курзиной, Г. А. Вороновой
|d 2017
|
| 463 |
|
1 |
|0 (RuTPU)RU\TPU\conf\21397
|t Т. 6 : Строительство и архитектура
|v [С. 152-154]
|d 2017
|
| 510 |
1 |
|
|a Сварные соединения строительных конструкций
|z rus
|
| 610 |
1 |
|
|a труды учёных ТПУ
|
| 610 |
1 |
|
|a электронный ресурс
|
| 610 |
1 |
|
|a строительство
|
| 610 |
1 |
|
|a строительные конструкции
|
| 610 |
1 |
|
|a дуговая сварка
|
| 610 |
1 |
|
|a электрическая сварка
|
| 610 |
1 |
|
|a производства
|
| 700 |
|
1 |
|a Golousenko
|b M. A.
|
| 701 |
|
1 |
|a Proshina
|b A. A.
|
| 701 |
|
1 |
|a Kabykenov
|b N. S.
|
| 702 |
|
1 |
|a Kuimova
|b M. V.
|c linguist
|c Head of the Department of Tomsk Polytechnic University, Candidate of pedagogical sciences
|f 1976-
|g Marina Valerievna
|2 stltpush
|4 727
|
| 712 |
0 |
2 |
|a Национальный исследовательский Томский политехнический университет (ТПУ)
|b Физико-технический институт (ФТИ)
|b Кафедра иностранных языков физико-технического института (ИЯФТ)
|h 6715
|2 stltpush
|3 (RuTPU)RU\TPU\col\18736
|
| 801 |
|
2 |
|a RU
|b 63413507
|c 20170718
|g RCR
|
| 856 |
4 |
|
|u http://earchive.tpu.ru/handle/11683/41413
|
| 942 |
|
|
|c BK
|